Geography of Czechia - Statistics

General Stats
  • This quiz has been taken 30 times
  • The average score is 14 of 19
Answer Stats
Question Answer % Correct
What is the capital of Czechia? Prague
100%
What famous bridge on the above is named for a Holy Roman emperor? {Charles} Bridge
97%
What is the largest city in the above region, and the second-largest in Czechia? Brno
93%
What is that city called in Czech? Praha
93%
What city is known for having the oldest pale lager (a beer style) in the world? Plzeň
90%
What bordering country shares Sněžka mountain with Czechia? Poland
90%
What major automotive company is headquartered in Mladá Boleslav? Škoda
86%
What bordering country was united with Czechia prior to 1993? Slovakia
86%
What historic region dominates the western part of Czechia? Bohemia
83%
What type of building are Loket, Střekov, and Český Krumlov examples of? Castles
83%
What is the currency used in Czechia? Czech {Koruna}
76%
What river flows through Pardubice and Ústí nad Labem? Elbe River
76%
What historic region is located in the southeast? Moravia
76%
What is the largest city in the Czech Silesia region? (starts with O) Ostrava
76%
What is the longest river in Czechia, which flows through the capital? Vltava River
76%
What is the largest religion in Czechia, practiced by only 9.3% of the population? Catholicism
66%
What mountain range begins in the far east of Czechia? Carpathian
38%
What was the former name of Slavkov u Brna, where Napoleon won a major battle? Austerlitz
24%
What are the Krkonoše Mountains called in English? {Giant} Mountains
14%
No matching quizzes found
Score Distribution
Percent of People with Each Score
Percentile by Number Answered
Your Score History
You have not taken this quiz